Score 0/22 Timer 07:00
7 Plays Today
% Correct
Barney Rubble / Barney the Dinosaur
97.8%
Frosty the Snowman / Olaf
95%
Doraemon / Hello Kitty
93.7%
The Beast / Beast
93.2%
Rosie / C-3PO
91.2%
ALF / Chewbacca
90.5%
Gumby / Mister Fantastic
85.5%
Academy Award / Leonardo DiCaprio
83.3%
Krang / Brain
81.6%
Atom Ant / Ant Man
79.8%
Leonardo / Cecil Turtle
79.4%
% Correct
Boba Fett / Dog the Bounty Hunter
77.6%
Marvin the Martian / Ambassador of Mars
76.1%
Dr. Emmett Brown / Rick Sanchez
76%
Ash Ketchum / Yugi Muto
70.6%
Dick Tracy / Man with the Yellow Hat
70.4%
Wild Thing / Totoro
62.8%
Astro Boy / Mega Man
61.5%
The Mayor of Townsville / Bernie Sanders
57.8%
Blinky / Magikarp
57.4%
Professor Utonium / Samurai Jack
57%
Spyro / Spike
47.6%
Remove Ads.
Support Sporcle.
Get the best of Sporcle when you Go Orange. This ad-free experience offers more features, more stats, and more fun while also helping to support Sporcle. Thank you for becoming a member.

You're not logged in!

Compare scores with friends on all Sporcle quizzes.
OR
Log In

Show Comments

Extras

Top Quizzes Today


Score Distribution

Your Account Isn't Verified!

In order to create a playlist on Sporcle, you need to verify the email address you used during registration. Go to your Sporcle Settings to finish the process.

Report this User

Report this user for behavior that violates our Community Guidelines.

Details: